Robotizace bankovnictví - quick win v rámci digitální transformace

Pojem Robotic Process Automation (RPA) sa po prvý krát objavil už na začiatku tohoto tisícročia, no v posledných rokoch sa robotizácia vytráca z pojmov týkajúcich sa digitálnej transformácie. Pritom ide o vyspelú technológiu so stovkami tisíc implementácií. Technológia RPA je navrhnutá tak, aby ju b...

Descripción completa

Guardado en:
Detalles Bibliográficos
Autor principal: Kulich, Petr
Formato: Capítulo de libro
Lenguaje:checo
Materias:
Etiquetas: Agregar Etiqueta
Sin Etiquetas, Sea el primero en etiquetar este registro!

MARC

LEADER 00000naa a2200000 4500
001 0240699
005 20180227094954.9
041 0 |a cze 
044 |a CZ 
245 1 0 |a Robotizace bankovnictví - quick win v rámci digitální transformace  |c Petr Kulich 
520 |a Pojem Robotic Process Automation (RPA) sa po prvý krát objavil už na začiatku tohoto tisícročia, no v posledných rokoch sa robotizácia vytráca z pojmov týkajúcich sa digitálnej transformácie. Pritom ide o vyspelú technológiu so stovkami tisíc implementácií. Technológia RPA je navrhnutá tak, aby ju bolo možné použiť pre širokú škálu jednouduchých, monotónnych a stále sa opakujúcich činností. Benefity zavedenia technológie RPA. Robotizácia bankovníctva. 
610 2 0 |a technológie nové 
610 2 0 |a robotizácia 
610 2 0 |a transformácia 
610 2 0 |a digitalizácia 
610 2 0 |a bankovníctvo 
100 1 |a Kulich, Petr